000 00415nam a2200169Ia 4500
005 20250423094601.0
008 250422s9999 xx 000 0 und d
020 _a0895591324
050 _aPN 2093 .C64/
100 _aMelvillr, Herman.
245 0 _aBilly budd
260 _aNew York
260 _bVentura Book
260 _c1980
650 _aUnited States --District of Columbia --Washington
942 _cBK
999 _c27679
_d27679